书目信息 |
| 题名: |
挖泥船
|
|
| 作者: | 徐春阳 , 刘厚恕 , 于再红 编著 ;中国船舶及海洋工程设计研究院 , 上海市船舶与海洋工程学会 , 上海交通大学 主编 | |
| 分册: | ||
| 出版信息: | 上海 上海科学技术出版社 2020 |
|
| 页数: | 215页 | |
| 开本: | 23cm | |
| 丛书名: | 国之重器——舰船科普丛书 | |
| 单 册: | ||
| 中图分类: | U674.31 | |
| 科图分类: | ||
| 主题词: | 挖泥船--青少年读物 | |
| 电子资源: | ||
| ISBN: | 978-7-5478-4646-9 | |
| 000 | 01491nam0 2200301 450 | |
| 001 | 2436167416 | |
| 005 | 20240829100302.41 | |
| 010 | @a978-7-5478-4646-9@dCNY80.00 | |
| 100 | @a20200605d2020 demy0chiy0120 ea | |
| 101 | 0 | @achi |
| 102 | @aCN@b310000 | |
| 105 | @aa z 000yy | |
| 200 | 1 | @a挖泥船@9wa ni chuan@b专著@f徐春阳,刘厚恕,于再红编著@g中国船舶及海洋工程设计研究院,上海市船舶与海洋工程学会,上海交通大学主编 |
| 210 | @a上海@c上海科学技术出版社@d2020 | |
| 215 | @a215页@c图@d23cm | |
| 225 | 1 | @a国之重器——舰船科普丛书@f张毅主编 |
| 300 | @a上海出版资金项目 中国科普作家协会国防科普委员会推荐图书 | |
| 330 | @a本书介绍了挖泥船的历史渊源、作用、种类等,回顾了机械式和水力式挖泥船的发展沿革,探究了主要类型挖泥船的工作原理、重要装备系统和作业程序;着重介绍了中国与世界挖泥船的发展状况,特别是改革开放以来中国挖泥船快速发展历程,弘扬了中国船舶工人和广大造船人瞄准世界挖泥船前沿技术,奋楫猛进、自力更生、开拓创新的精神;最后展望了挖泥船的未来发展。 | |
| 606 | 0 | @a挖泥船@j青少年读物 |
| 690 | @aU674.31@v5 | |
| 701 | 0 | @a徐春阳@9xu chun yang@4编著 |
| 701 | 0 | @a刘厚恕@9liu hou shu@4编著 |
| 701 | 0 | @a于再红@9yu zai hong@4编著 |
| 712 | 02 | @a中国船舶及海洋工程设计研究院@9zhong guo chuan bo ji hai yang gong cheng she ji yan jiu yuan@4主编 |
| 712 | 02 | @a上海市船舶与海洋工程学会@9shang hai shi chuan bo yu hai yang gong cheng xue hui@4主编 |
| 712 | 02 | @a上海交通大学@9shang hai jiao tong da xue@4主编 |
| 801 | 2 | @aCN@b58marc.cn@c20200719 |
| 905 | @aZUCC@dU674.31@e1 | |
| 挖泥船/徐春阳,刘厚恕,于再红编著/中国船舶及海洋工程设计研究院,上海市船舶与海洋工程学会,上海交通大学主编.-上海:上海科学技术出版社,2020 |
| 215页:图;23cm.-(国之重器——舰船科普丛书/张毅主编) |
| 上海出版资金项目 中国科普作家协会国防科普委员会推荐图书 |
| ISBN 978-7-5478-4646-9:CNY80.00 |
| 本书介绍了挖泥船的历史渊源、作用、种类等,回顾了机械式和水力式挖泥船的发展沿革,探究了主要类型挖泥船的工作原理、重要装备系统和作业程序;着重介绍了中国与世界挖泥船的发展状况,特别是改革开放以来中国挖泥船快速发展历程,弘扬了中国船舶工人和广大造船人瞄准世界挖泥船前沿技术,奋楫猛进、自力更生、开拓创新的精神;最后展望了挖泥船的未来发展。 |
| ● |
| 相关链接 |
|
|
|
正题名:挖泥船
索取号:U674.31/1
 
预约/预借
| 序号 | 登录号 | 条形码 | 馆藏地/架位号 | 状态 | 备注 |
| 1 | 2001767617 | 2001767617 | 第四书库/四24架A面4层5列/ [索取号:U674.31/1] | 在馆 | |
| 2 | 2001767618 | 2001767618 | 第四书库/四24架A面4层5列/ [索取号:U674.31/1] | 在馆 | |
| 3 | 2001767619 | 2001767619 | 第四书库/四24架A面4层5列/ [索取号:U674.31/1] | 在馆 | |
| 4 | 2001767620 | 2001767620 | 第四书库/四24架A面4层5列/ [索取号:U674.31/1] | 在馆 | |
| 5 | 2001767621 | 2001767621 | 第四书库/四24架A面4层5列/ [索取号:U674.31/1] | 在馆 | |
| 6 | 2001767622 | 2001767622 | 第四书库/四24架A面4层5列/ [索取号:U674.31/1] | 在馆 |